| 000 | 01079mam a2200301 a 4500 | ||
|---|---|---|---|
| 001 | 27012032 | ||
| 005 | 20140219162133.0 | ||
| 008 | 921030s1993 vaua b 001 0 eng | ||
| 010 | _a92040576 | ||
| 020 |
_a0809476258 : _c$16.10 |
||
| 035 | _aMSSCAAW7259 | ||
| 040 |
_aDLC _cDLC _dWaOLN |
||
| 049 | _aMOZA | ||
| 050 |
_aQA 76.5 _b.P39354 1993 |
||
| 245 | 0 | 4 | _aThe personal computer World. |
| 250 | _aRev. ed. | ||
| 260 |
_aAlexandria, VA : _bTime-Life Books ; _aMorristown, N.J. : _bSchool and library distribution by Silver Burdett Co., _c1993. |
||
| 300 |
_a128 p. : _bill. (some col.) ; _c29 cm. |
||
| 490 | 1 | _aUnderstanding computers. | |
| 500 | _aIncludes index. | ||
| 504 | _aBibliography: p. 121-124. | ||
| 505 | 2 | _aPCs proliferant; secrets of word processing. -- The Apple alternative; wizards of number-crunching. -- Challenging the mainframe; a universal network. | |
| 650 | 0 |
_aMicrocomputers. _925087 |
|
| 650 | 0 |
_aApplication software. _925088 |
|
| 710 | 2 |
_aTime-Life Books. _925089 |
|
| 830 | 0 |
_aUnderstanding computers. _925090 |
|
| 942 |
_2lcc _cPER _s1 |
||
| 999 |
_c58646 _d58620 |
||